Complete companion for GPAT and other Competitive Examinations in Pharmacy// (Record no. 172455)

MARC details
000 -LEADER
fixed length control field 00742nam a22002417a 4500
005 - DATE AND TIME OF LATEST TRANSACTION
control field 20200205155815.0
010 ## - LCCN (DPL NO)
LC control number ENG-127648
020 ## - INTERNATIONAL STANDARD BOOK NUMBER
International Standard Book Number 9789353434311
Terms of availability 875.00
035 ## - SYSTEM CONTROL NUMBER
System control number EN-111180
037 ## - SOURCE OF ACQUISITION
Source of stock number/acquisition DBAD/PUB
082 ## - DEWEY DECIMAL CLASSIFICATION NUMBER
Classification number 615.1
100 ## - MAIN ENTRY--PERSONAL NAME
Personal name Shah,Umang
245 ## - TITLE STATEMENT
Title Complete companion for GPAT and other Competitive Examinations in Pharmacy//
Remainder of title by Umang Shah ...[et al].
250 ## - EDITION STATEMENT
Edition statement 4th
260 ## - PUBLICATION, DISTRIBUTION, ETC. (IMPRINT)
Place of publication, distribution, etc Noida
Name of publisher, distributor, etc Pearson
Date of publication, distribution, etc 2019
270 ## - ADDRESS
City Noida
Address 15th floor,Tower-B,World Trade Tower,plot no.1,Block-c,sector 16
Postal code 201301
300 ## - PHYSICAL DESCRIPTION
Extent various pages
Other physical details 25cm(pbk)
700 ## - ADDED ENTRY--PERSONAL NAME
Personal name Shah,Umang
700 ## - ADDED ENTRY--PERSONAL NAME
Personal name Akarbari,Ashok
700 ## - ADDED ENTRY--PERSONAL NAME
Personal name Baser,Amit Kumar
700 ## - ADDED ENTRY--PERSONAL NAME
Personal name Patel,Ashish
942 ## - ADDED ENTRY ELEMENTS (KOHA)
Source of classification or shelving scheme Dewey Decimal Classification
Item type English Books
Classification part 615.1
Call number suffix COM
Holdings
Withdrawn status Lost status Not for loan Collection code Home library Current library Date acquired Source of acquisition Cost, normal purchase price Full call number Barcode Copy number Cost, replacement price Koha item type
      Non-fiction Sarojini Nagar Sarojini Nagar 05/02/2020 DBAD/PUB 875.00 615.1 COM EN-111180 1 875.00 English Books

© Delhi Public Library
Hit Counter
free hit counter